The Enigma of the kerala woman : (Record no. 61056)

MARC details
000 -LEADER
fixed length control field 01628nam a22002417a 4500
005 - DATE AND TIME OF LATEST TRANSACTION
control field 2012011700310.0
010 ## - LCCN (DPL NO)
LC control number B-445532-536
020 ## - INTERNATIONAL STANDARD BOOK NUMBER
International Standard Book Number 9788187358442
Terms of availability 295.00
035 ## - SYSTEM CONTROL NUMBER
System control number B-445532-536
037 ## - SOURCE OF ACQUISITION
Stock number dpl
Source of stock number/acquisition Allied Pub/Ven
082 ## - DEWEY DECIMAL CLASSIFICATION NUMBER
Classification number 305.42095433
245 ## - TITLE STATEMENT
Title The Enigma of the kerala woman :
Remainder of title A failed promise of literacy /
Statement of responsibility, etc edited by Swapna Mukhopadhyay
260 ## - PUBLICATION, DISTRIBUTION, ETC. (IMPRINT)
Place of publication, distribution, etc New Delhi
Name of publisher, distributor, etc Social Science Press
Date of publication, distribution, etc 2011
270 ## - ADDRESS
Address 69 Jor Bagh
City New Delhi
Postal code 110003
300 ## - PHYSICAL DESCRIPTION
Extent viii,189p.
Dimensions 21cm(pbk)
942 ## - ADDED ENTRY ELEMENTS (KOHA)
Source of classification or shelving scheme Dewey Decimal Classification
Item type English Books
Call number suffix ENI
Classification part 305.42095433
Holdings
Withdrawn status Lost status Not for loan Collection code Home library Current library Date acquired Source of acquisition Cost, normal purchase price Full call number Barcode Copy number Cost, replacement price Koha item type
      Non-fiction Central Library Central Library 13/02/2012 Allied Pub/1143/26.09.2011/04/15.09.2011/09.11.2011 295.00 305.42095433 ENI B-445532 1 295.00 English Books
      Non-fiction Karol Bagh Karol Bagh 13/02/2012 Allied Pub/1143/26.09.2011/04/15.09.2011/09.11.2011 295.00 305.42095433 ENI B-445535 1 295.00 English Books
      Non-fiction Patel Nagar Patel Nagar 13/02/2012 Allied Pub/1143/26.09.2011/04/15.09.2011/09.11.2011 295.00 305.42095433 ENI B-445533 1 295.00 English Books
      Non-fiction Sarojini Nagar Sarojini Nagar 13/02/2012 Allied Pub/1143/26.09.2011/04/15.09.2011/09.11.2011 295.00 305.42095433 ENI B-445534 1 295.00 English Books
      Non-fiction Shahdara Branch Shahdara Branch 13/02/2012 Allied Pub/1143/26.09.2011/04/15.09.2011/09.11.2011 295.00 305.42095433 ENI B-445536 1 295.00 English Books

© Delhi Public Library
Hit Counter
free hit counter